banner-ar

كتب غيرت الفكر الانسانى / (Record no. 36160)

MARC details
000 -الفاتح
حقل البيانات ثابتة الطول 00745nam a2200229Ia 4500
008 - عناصر البيانات ثابتة الطول - معلومات عامة
حقل البيانات ثابتة الطول 140319s9999 xx 000 0 ara d
040 ## - مصدر الفهرسة
وكالة الفهرسة الأصلية GCL /
وكالة النسخ GCL
082 04 - رقم تصنيف ديوى العشرى
رقم التصنيف 109
رقم المادة ا ك
100 1# - المدخل الرئيسى - إسم شخصى
الإسم الشخصى احمد محمد الشنوانى
245 10 - بيان العنوان
العنوان كتب غيرت الفكر الانسانى /
بيان المسئوليه,etc احمد محمد الشنوانى
260 ## - PUBLICATION, DISTRIBUTION, ETC. (IMPRINT)
تاريخ النشر أو التوزيع 1994
300 ## - الوصف المادى
التعداد 311 ص
490 ## - بيان السلسلة
عنوان السلسلة الالف كتاب
رقم المجلد/ التعيين التسلسلي 0
650 04 - المدخل الاضافى بالموضوع-مصطلح موضوعى
مصطلح موضوعي الحضارة
650 04 - المدخل الاضافى بالموضوع-مصطلح موضوعى
مصطلح موضوعي الثقافة
650 04 - المدخل الاضافى بالموضوع-مصطلح موضوعى
مصطلح موضوعي العلم والحضارة
650 04 - المدخل الاضافى بالموضوع-مصطلح موضوعى
مصطلح موضوعي الحركات الفكرية
650 04 - المدخل الاضافى بالموضوع-مصطلح موضوعى
مصطلح موضوعي الكتب النادرة
650 04 - المدخل الاضافى بالموضوع-مصطلح موضوعى
مصطلح موضوعي الحضارة القديمة
942 ## - عناصر المدخل الإضافي( كوها)
مصدر التصنيف او مخطط الترفيف Dewey Decimal Classification
Koha [default] item type كتاب
260 ## - PUBLICATION, DISTRIBUTION, ETC. (IMPRINT)
-- [S.N] :
-- الهيئة المصرية العامة للكتاب ،
Holdings
حالة التراجع حالة الفقد حالة تلف ليس للاعارة المكان المؤقت الموقع الحالى تاريخ الاكتساب اجمالي اﻻعارات رقم الطلب الباركود تاريخ اخر مشاهدة تاريخ تفعيل السعر نوع وعاء كوها
        مكتبة القاهرة الكبرى مكتبة القاهرة الكبرى 03/26/2014   109\ا ك 87970 03/26/2014 03/26/2014 كتاب
        مكتبة القاهرة الكبرى مكتبة القاهرة الكبرى 03/26/2014   109\ا ك 87971 03/26/2014 03/26/2014 كتاب
        مكتبة القاهرة الكبرى مكتبة القاهرة الكبرى 03/26/2014   109\ا ك 87972 03/26/2014 03/26/2014 كتاب
        مكتبة القاهرة الكبرى مكتبة القاهرة الكبرى 03/26/2014   109\ا ك 87973 03/26/2014 03/26/2014 كتاب
        مكتبة القاهرة الكبرى مكتبة القاهرة الكبرى 03/26/2014   109\ا ك 87974 03/26/2014 03/26/2014 كتاب
        مكتبة القاهرة الكبرى مكتبة القاهرة الكبرى 03/26/2014   109\ا ك 87975 03/26/2014 03/26/2014 كتاب
        مكتبة القاهرة الكبرى مكتبة القاهرة الكبرى 03/26/2014   109\ا ك 87976 03/26/2014 03/26/2014 كتاب
        مكتبة القاهرة الكبرى مكتبة القاهرة الكبرى 03/26/2014   109\ا ك 87977 03/26/2014 03/26/2014 كتاب
        مكتبة القاهرة الكبرى مكتبة القاهرة الكبرى 03/26/2014   109\ا ك 87978 03/26/2014 03/26/2014 كتاب
        مكتبة القاهرة الكبرى مكتبة القاهرة الكبرى 03/26/2014   109\ا ك 87979 03/26/2014 03/26/2014 كتاب
        مكتبة القاهرة الكبرى مكتبة القاهرة الكبرى 03/26/2014   109\ا ك 87980 03/26/2014 03/26/2014 كتاب
        مكتبة القاهرة الكبرى مكتبة القاهرة الكبرى 03/26/2014   109\ا ك 87981 03/26/2014 03/26/2014 كتاب
        مكتبة القاهرة الكبرى مكتبة القاهرة الكبرى 03/26/2014   109\ا ك 87982 03/26/2014 03/26/2014 كتاب
        مكتبة القاهرة الكبرى مكتبة القاهرة الكبرى 03/26/2014   109\ا ك 87983 03/26/2014 03/26/2014 كتاب
        مكتبة القاهرة الكبرى مكتبة القاهرة الكبرى 03/26/2014   109\ا ك 87984 03/26/2014 03/26/2014 كتاب
        مكتبة القاهرة الكبرى مكتبة القاهرة الكبرى 03/26/2014   109\ا ك 87985 03/26/2014 03/26/2014 كتاب
        مكتبة القاهرة الكبرى مكتبة القاهرة الكبرى 03/26/2014   109\ا ك 87986 03/26/2014 03/26/2014 كتاب
        مكتبة القاهرة الكبرى مكتبة القاهرة الكبرى 03/26/2014   109\ا ك 87987 03/26/2014 03/26/2014 كتاب
        مكتبة القاهرة الكبرى مكتبة القاهرة الكبرى 03/26/2014   109\ا ك 87988 03/26/2014 03/26/2014 كتاب
        مكتبة القاهرة الكبرى مكتبة القاهرة الكبرى 03/26/2014   109\ا ك 87989 03/26/2014 03/26/2014 كتاب

Powered By

EGPV